No Control - One Direction (All Lyrics) - Statistics

General Stats
  • This quiz has been taken 209 times
  • The average score is 199 of 253
Answer Stats
Lyrics % Correct
I
94%
A
93%
Control
93%
No
93%
You
93%
I'm
91%
Of
88%
Up
88%
Waking
88%
And
87%
Can't
87%
Gun
86%
It
86%
Beside
85%
Loaded
85%
My
85%
Got
84%
Just
84%
All
83%
Anymore
83%
Don't
83%
Enough
83%
The
83%
This
83%
Get
81%
It's
81%
Her
80%
I've
79%
Obvious
79%
Care
78%
Where
78%
Yours
78%
Contain
77%
Coffee
76%
In
76%
Powerless
76%
Are
75%
Here
75%
Lay
75%
Sweet
75%
Closed
74%
Eyes
74%
On
73%
Down
70%
Cup
69%
Oh
69%
Not
66%
Sour
66%
Stay
66%
Could
64%
Day
64%
Me
61%
Hours
60%
Lipstick's
60%
Right
60%
Tongue
60%
Count
59%
Burn
58%
Pedal's
58%
Stained
58%
Taste
58%
Devour
57%
Heat
57%
Senses
57%
Lost
56%
Night
56%
Perfume's
56%
Before
55%
Pillowcase
55%
Wash
55%
Away
54%
Holding
54%
Lying
54%
Wanna
54%
Innocence
50%
Ransom
49%
Fingerprint
48%
Trace
48%
Defenseless
45%
Still
44%
Heart
40%
Ooh
29%
No matching quizzes found
Score Distribution
Percent of People with Each Score
Percentile by Number Answered
Your Score History
You have not taken this quiz